<?xml version="1.0" encoding="UTF-8"?>
<marc:record xmlns:marc="http://www.loc.gov/MARC21/slim">
   <marc:leader>00000nam a2200000 a 4500</marc:leader>
   <marc:datafield ind1="0" ind2="0" tag="245">
      <marc:subfield code="a">Islands</marc:subfield>
   </marc:datafield>
   <marc:datafield ind1="1" ind2=" " tag="490">
      <marc:subfield code="a">4</marc:subfield>
   </marc:datafield>
   <marc:datafield ind1="1" ind2=" " tag="520">
      <marc:subfield code="a">Tom arbeitet als Tennistrainer in einem All-inclusive-Hotel auf Fuerteventura. Was auf den ersten Blick wie der Traum vom endlosen Sommer wirkt, ist für den ehemaligen Profi längst monotone Routine geworden. Während die Touristen in einem nicht endenden Strom kommen und gehen, spielt er Woche für Woche hunderte Bälle übers Netz und füllt die Leere mit flüchtigen Affären und Alkohol. Doch dann taucht die geheimnisvolle Anne im Hotel auf. Sie, ihr Mann Dave und ihr siebenjähriger Sohn Anton entsprechen nicht dem Bild der üblichen Pauschaltouristen. Schnell kommt Tom der Familie näher: Er gibt Anton Tennisstunden und lädt sie zu einem Ausflug ein, um ihnen die raue Schönheit der Insel zu zeigen.</marc:subfield>
   </marc:datafield>
   <marc:datafield ind1=" " ind2=" " tag="020">
      <marc:subfield code="a">4061229413305</marc:subfield>
      <marc:subfield code="9">4061229413305</marc:subfield>
   </marc:datafield>
   <marc:datafield ind1=" " ind2=" " tag="300">
      <marc:subfield code="a">ca. 116 Min.</marc:subfield>
   </marc:datafield>
</marc:record>
